01878nam a2200301 i 450000500170000000700030001700800410002002000150006104000350007604100080011104300120011908200220013110000430015324500380019625000330023426400380026730000250030533600270033033700330035733800280039049000390041852008610045752100430131865000780136165000590143965000400149865000380153820220316235437.0ta200425s1999 ck gr 000 0 spa d a9586142922 aCO-BoRNBPbspaerdacCO-BoRNBP0 aspa as-ck---04a079.861bC17h2231 aCastro Caycedo, Germánd1940-eautor13aEl huecocGermán Castro Caycedo aDécima séptima edición 1aBogotá, ColombiabPlanetac1999 a342 páginasc22 cm atextobtxt2rdacontent asin mediaciónbn2rdamedia avolumenbnc2rdacarrier0 aBiblioteca Germán Castro Caycedo a"Para ninguno de los emigrantes colombianos el éxodo ha sido fácil. La mayoría trabaja incansablemente para ahorrar unos dólares y enviárselos a su familia en Cali, Pereira o en Medellín, pero muchos sienten que no podrán volver jamás por simple orgullo: han sido incapaces de alcanzar aquel sueño americano que los atrajo en busca de la riqueza y, desde luego, de la respetabilidad que les niega Colombia. Los más antiguos llegaron sin problemas porque hasta hace unos años, cuando la presión no era tan grande, podían obtener fácilmente una visa de turismo y gracias a ella ingresaban y se quedaban. Ahora los controles son minuciosos y prácticamente la totalidad ha venido por el hueco, es decir, en forma clandestina a través de la frontera con México, desde Bahamas en bote o en avión, e incluso algunos por Haití aRecomendado a partir de los 19 años 17aEmigración e inmigraciónxRelatos personalesvInvestigaciones2ARMARC17aMigración humanaxAspectos socioeconómicos2ARMARC17aPeriodismoxInvestigaciones2ARMARC17aPeriodÍstas colombianos2ARMARC